LEADER 02506oam 2200841I 450 001 9910715067603321 005 20201211103331.0 035 $a(CKB)5470000002507369 035 $a(OCoLC)761154015 035 $a(EXLCZ)995470000002507369 100 $a20111115j196902 ua 0 101 0 $aeng 135 $aur||||||||||| 181 $ctxt$2rdacontent 182 $cc$2rdamedia 183 $acr$2rdacarrier 200 10$aOsmotically induced coalescence of sarcoma cells through intercellular bridges in vitro /$fby Clarence D. Cone, Jr. and Max Tongier, Jr 210 1$aWashington, D.C. :$cNational Aeronautics and Space Administration,$dFebruary 1969. 215 $a1 online resource (iii, 21 pages) $cillustrations 225 1 $aNASA technical note ;$vNASA TN D-5022 300 $a"February 1969." 320 $aIncludes bibliographical references (page 21). 606 $aCell interaction 606 $aCells$xPermeability 606 $aCells$xGrowth 606 $aPerfusion (Physiology) 606 $aEdema 606 $aOsmosis 606 $aMitosis 606 $aSarcoma 606 $aFibroblasts 606 $aCell interaction$2fast 606 $aCells$xGrowth$2fast 606 $aCells$xPermeability$2fast 606 $aEdema$2fast 606 $aFibroblasts$2fast 606 $aMitosis$2fast 606 $aOsmosis$2fast 606 $aPerfusion (Physiology)$2fast 606 $aSarcoma$2fast 615 0$aCell interaction. 615 0$aCells$xPermeability. 615 0$aCells$xGrowth. 615 0$aPerfusion (Physiology) 615 0$aEdema. 615 0$aOsmosis. 615 0$aMitosis. 615 0$aSarcoma. 615 0$aFibroblasts. 615 7$aCell interaction. 615 7$aCells$xGrowth. 615 7$aCells$xPermeability. 615 7$aEdema. 615 7$aFibroblasts. 615 7$aMitosis. 615 7$aOsmosis. 615 7$aPerfusion (Physiology) 615 7$aSarcoma. 700 $aCone$b Clarence D.$cJr.,$01393366 702 $aTongier$b Max 712 02$aUnited States.$bNational Aeronautics and Space Administration, 712 02$aLangley Research Center. 801 0$bOCLCE 801 1$bOCLCE 801 2$bOCLCQ 801 2$bOCLCF 801 2$bOCLCQ 801 2$bCOP 801 2$bGPO 906 $aBOOK 912 $a9910715067603321 996 $aOsmotically induced coalescence of sarcoma cells through intercellular bridges in vitro$93528637 997 $aUNINA LEADER 01926oam 2200493z 450 001 9910164311903321 005 20230417173231.0 010 $a0-8031-5118-7 035 $a(CKB)3170000000043985 035 $a(SSID)ssj0001490232 035 $a(PQKBManifestationID)11829617 035 $a(PQKBTitleCode)TC0001490232 035 $a(PQKBWorkID)11459694 035 $a(PQKB)11783077 035 $a(EXLCZ)993170000000043985 100 $a20160829h19901990 uy 0 101 0 $aeng 181 $ctxt$2rdacontent 182 $cc$2rdamedia 183 $acr$2rdacarrier 200 14$aThe measurement and correction of electrolyte resistance in electrochemical tests /$feditors, L. L. Scribner, S. R. Taylor 210 31$aPhiladelphia :$cAmerican Society for Testing & Materials,$d1990 . 210 4$aŠ1990 215 $a1 online resource (vi, 225 pages) $cillustrations 300 $aBibliographic Level Mode of Issuance: Monograph 311 $a0-8031-1283-1 410 0$aASTM special technical publication 606 $aElectric measurements$vCongresses 606 $aElectric resistance$xMeasurement$vCongresses 606 $aElectrolytes$xConductivity$xMeasurement$vCongresses 615 0$aElectric measurements 615 0$aElectric resistance$xMeasurement 615 0$aElectrolytes$xConductivity$xMeasurement 676 $a541.3/72 701 $aTaylor$b S. R$g(S. Ray),$f1953-$01234706 701 $aScribner$b L. L$g(Louis L.),$f1944-$01234707 712 02$aASTM Committee G-1 on Corrosion of Metals. 712 02$aASTM Committee G1.11 on Electrochemical Measurements in Testing. 712 12$aSymposium on Ohmic Electrolyte Resistance Measurement and Compensation$f(1988 :$eBaltimore, Md.) 801 0$bPQKB 906 $aBOOK 912 $a9910164311903321 996 $aThe Measurement and Correction of Electrolyte Resistance in Electrochemical Tests$92868186 997 $aUNINA